Catálogo
 En Linea

Las cañitas : (Registro nro. 40850)

Detalles MARC
000 -CABECERA
campo de control de longitud fija 00567nam a2200157 a 4500
001 - NÚMERO DE CONTROL
campo de control 000041360
005 - FECHA Y HORA DE LA ÚLTIMA TRANSACCIÓN
campo de control 20201002034824.0
008 - DATOS DE LONGITUD FIJA--INFORMACIÓN GENERAL
campo de control de longitud fija 131001s2007 dr acd 000 0 spa d
040 ## - FUENTE DE LA CATALOGACIÓN
Centro catalogador/agencia de origen DO-SdBNP
Lengua de catalogación spa
Centro/agencia transcriptor BNPHU
100 1# - ENTRADA PRINCIPAL--NOMBRE DE PERSONA
Nombre de persona Vicente, Pablo
9 (RLIN) 68008
245 14 - MENCIÓN DE TÍTULO
Título Las cañitas :
Resto del título origen y perpectivas de desarrollo /
Mención de responsabilidad, etc. Pablo Vicente.
246 14 - FORMA VARIANTE DE TÍTULO
Título propio/Titulo breve Barrio las Cañita
Resto del título origen y perpectivas de desarrollo
260 ## - PUBLICACIÓN, DISTRIBUCIÓN, ETC.
Lugar de publicación, distribución, etc. Santo Domingo :
Nombre del editor, distribuidor, etc. Digdiag,
Fecha de publicación, distribución, etc. 2007.
300 ## - DESCRIPCIÓN FÍSICA
Extensión 72 p. :
Otras características físicas il.,gráf., retrs. ;
Dimensiones 21 cm.
500 ## - NOTA GENERAL
Nota general Incluye datos biográficos del autor en la contracubierta
Existencias
Estado de retiro Estado de pérdida No para préstamo Código de colección Localización permanente Ubicación/localización actual Ubicación en estantería Fecha de adquisición Número de inventario Total de préstamos Signatura topográfica completa Código de barras Fecha visto por última vez Precio válido a partir de Tipo de ítem Koha
      Patrimonio Dominicano Patrimonio Dominicano Patrimonio Dominicano Orden iniciada 01.10.2013 LF1   41360-10 25.06.2020 25.06.2020 Libro y Folleto Colección Patrimonio Dominicano

Con tecnología Koha